19 Ways Not to Eat a 'Lime' Quiz Stats

 Plays Quiz Updated Jul 29, 2018

Challenge
Share
Tweet
Embed
Score 0/19 Timer 01:30
9 Plays Today
% Correct
Lame
95.3%
Time
93.3%
Line
91.1%
Dime
89.6%
Lite
89%
Mime
86.2%
Lice
86.2%
Life
85.1%
Like
84.6%
Lire
83.3%
% Correct
Lima
81%
Rime
80.3%
Live
77.8%
Lipe
77.3%
Limo
74.7%
Limp
72.7%
Limb
71.9%
Limy
55.4%
Limn
54.5%

You're not logged in!

Compare scores with friends on all Sporcle quizzes.
OR
Log In

You Might Also Like...

Show Comments

Extras

Top Quizzes Today


Score Distribution

Your Account Isn't Verified!

In order to create a playlist on Sporcle, you need to verify the email address you used during registration. Go to your Sporcle Settings to finish the process.

Report this User

Report this user for behavior that violates our Community Guidelines.

Details: